ARRUPE JESUIT UNIVERSITY

CORONAVIRUS -STOP THE SPREAD - CLEAN,DISINFECT,COVER

In Praise of philosophy and other essays (Record no. 125672)

MARC details
000 -LEADER
fixed length control field 00598nam a22001697a 4500
008 - FIXED-LENGTH DATA ELEMENTS--GENERAL INFORMATION
fixed length control field 161103b xxu||||| |||| 00| 0 eng d
050 ## - LIBRARY OF CONGRESS CALL NUMBER
Classification number B53.M433
100 ## - MAIN ENTRY--PERSONAL NAME
Personal name Maurice, Merleau-Ponty
9 (RLIN) 27285
245 ## - TITLE STATEMENT
Title In Praise of philosophy and other essays
Statement of responsibility, etc /Merleau-Ponty Maurice
260 ## - PUBLICATION, DISTRIBUTION, ETC. (IMPRINT)
Place of publication, distribution, etc Evanston
Name of publisher, distributor, etc Northwestern University Press
Date of publication, distribution, etc 1988
300 ## - PHYSICAL DESCRIPTION
Extent 199p.;
Dimensions 22cm.
440 ## - SERIES STATEMENT/ADDED ENTRY--TITLE
Title Northwestern University studies in phenomenologyand existential philosophy
9 (RLIN) 27289
650 ## - SUBJECT ADDED ENTRY--TOPICAL TERM
Topical term or geographic name as entry element Philosophy
9 (RLIN) 27286
710 ## - ADDED ENTRY--CORPORATE NAME
Corporate name or jurisdiction name as entry element James Wild
Relator term tr.
9 (RLIN) 27287
710 ## - ADDED ENTRY--CORPORATE NAME
Corporate name or jurisdiction name as entry element John O'Neill
Relator term tr.
9 (RLIN) 27288
942 ## - ADDED ENTRY ELEMENTS (KOHA)
Source of classification or shelving scheme Library of Congress Classification
Item type Monograph ( Printed materials)
Holdings
Withdrawn status Lost status Source of classification or shelving scheme Damaged status Not for loan Collection code Home library Current library Shelving location Date acquired Total Checkouts Full call number Barcode Date last seen Date last borrowed Price effective from Koha item type
    Library of Congress Classification     Main Collection ARRUPE LIBRARY ARRUPE LIBRARY General Stacks 03/11/2016 1 B53.M433 46500009958 30/11/2021 23/08/2021 03/11/2016 Monograph ( Printed materials)

 

Arrupe Library. PO Box MP320 Mt Pleasant, Harare, Zimbabwe
263 242 745411|librarian@aju.ac.zw